000 00661nam a2200133 a 4500
008 140616s2011 ||||||||||||||||| || u
050 _aTHESIS/MBA
100 _aNondo, Felix Chanda
245 1 3 _aAn evaluation of capital market development and its impact on economic growth: a study of Zambia
_cby Felix Chanda Nondo
260 _aKitwe:
_bCopperbelt University, School of Business, Department of Postgraduate studies
_c2011
300 _axiii, 126p.: ill.
650 _aCAPITAL MARKET DEVELOPMENT--ECONOMIC GROWTH--ZAMBIA
995 _FCBU-MAIN LIBRARY (Kitwe)
_M1
_UAVAILABLE
_WJun 16, 2014
_ZUniversity Collection
999 _c42652
_d42652